| 000 | 00613nam a2200229 a 4500 | ||
|---|---|---|---|
| 999 |
_c1899 _d1899 |
||
| 001 | 1899 | ||
| 003 | BD-JhCC | ||
| 005 | 20171026101705.0 | ||
| 008 | 171026s1994 nyua|||| || | 001 0 eng d | ||
| 020 | _a9780471018568 | ||
| 035 | _a(BD-JhCC)1899 | ||
| 040 |
_aBD-JhCC _dBD-JhCC |
||
| 041 | _aeng | ||
| 082 |
_a940.53438092 _bWOO1994 |
||
| 100 | _aWood, E. Thomas | ||
| 245 |
_aKarski : How One Man tried to step the Holocaust / _c E. Thomas Wood, |
||
| 260 |
_aNew York _bJohn Wiley & Sons. Inc. _c1994 |
||
| 300 |
_a316 p. : _c26 cm. |
||
| 650 | _aWorld War Biography | ||
| 942 |
_2ddc _cBK |
||